000 02175nam0a2200385 4500
001 RU\NLR\bibl\610701
005 20260406095800.0
010 _a5-94057-158-1
_95000
021 _aRU
_b2004-42502
_92107
035 _a(NLR Aleph) 000602598
035 _aRSL-KNO-002452227
090 _a5557
_c5557
100 _a20040720d2004 u y0rusy50 ca
101 0 _arus
102 _aRU
105 _aa |||||||||
106 _ar
200 1 _aОт задачек к задачам
_e[80 необыч. задач с подроб. решениями]
_fМ. А. Евдокимов
210 _aМ.
_cизд-во Моск. центра непрерыв. мат. образования
_d2004
_eПИК ВИНИТИ
215 _a71 с.
_cцв. ил.
_d20
606 1 _aМатематика
_jУчебные издания для средней школы
_xЗадачи
_xРешение
_92078426
_3RU\NLR\AUTH\661254281
610 0 _aФизико-математические науки -- Математика -- Элементарная математика -- Пособие по решению задач для средней общеобразовательной школы
610 0 _aКультура. Наука. Просвещение -- Народное образование. Педагогические науки -- Общеобразовательная школа. Школьная педагогика -- Российская Федерация -- Методика преподавания отдельных учебных предметов -- Математика -- Дидактика -- Методы обучения -- Решение задач
686 _aВ10я721-41
_2rubbk
686 _aЧ426.24,6(2)-255,0
_2rubbk
686 _aВ10я721-41
700 1 _4070
_aЕвдокимов
_bМ. А.
_cд-р пед. наук, мат. образование
_gМихаил Александрович
_3RU\NLR\AUTH\770288214
_92691556
801 0 _aRU
_bRuMoRKP
_c20040720
_grcr
801 1 _aRU
_bRuMoRGB
_c20040720
801 2 _aRU
_bNLR
_c20050216
_gPSBO
830 _aАвт. по кн.
942 _cBOOK
980 _aNB